• 首页
  • 本馆介绍
  • 公告通知
  • 最新文献
  • 馆藏检索
  • 电子资源
  • 读者导购
  • 参考咨询
  • 我的图书馆
  • 登录
  • 详细信息显示
  • 放入我的书架
  • 预约/预借图书
  • 作者相关作品
  • 分类相关作品
  • 丛书相关作品
  • 出版社相关作品

书目信息

  • 表格格式
  • 工作单格式
  • 卡片格式
题名:
五子棋阶梯强化训练手册
    
 
作者: 张书 , 彭建国 编著
分册:  
出版信息: 北京   北京体育大学出版社  2003
页数: 360页
开本: 20cm
丛书名: 棋艺精进强化训练丛书
单 册:
中图分类: G891.9
科图分类:
主题词: 五子棋--基本知识 , 五子棋
电子资源:
ISBN: 7-81051-928-X
000 00881oam2 2200265 450
001 002365874
005 20061112093719.54
010    @a7-81051-928-X@dCNY20.00
100    @a20030527d2003 em y0chiy0110 ea
101 0  @achi
102    @aCN@b110000
105    @ay z 000yy
200 1  @a五子棋阶梯强化训练手册@9wu zi qi jie ti qiang hua xun lian shou ce@f张书,彭建国编著
210    @a北京@c北京体育大学出版社@d2003
215    @a360页@d20cm
225 2  @a棋艺精进强化训练丛书
330    @a本书通过由浅及深的500道阶梯训练,给读者提供了各种各样的有趣的五子棋题解方法,同时也提供了记忆力的训练方法。
461  0 @12001 @a棋艺精进强化训练丛书
606 0  @a五子棋@x基本知识
606 0  @a五子棋
690    @aG891.9@v4
701  0 @a张书@9zhang shu@c(五子棋)@4编著
701  0 @a彭建国@9peng jian guo@f(1954~)@4编著
801  0 @aCN@bNLC@c20061112
905    @a10447@dG891.9@e230
    
    五子棋阶梯强化训练手册/张书,彭建国编著.-北京:北京体育大学出版社,2003
    360页;20cm.-(棋艺精进强化训练丛书)
    
    
    ISBN 7-81051-928-X:CNY20.00
    本书通过由浅及深的500道阶梯训练,给读者提供了各种各样的有趣的五子棋题解方法,同时也提供了记忆力的训练方法。
●
相关链接 在E读中查询图书 在五车中查询图书 在当当中查询图书 在豆瓣中查询图书


正题名:五子棋阶梯强化训练手册     索取号:G891.9/230         预约/预借

序号 登录号 条形码 馆藏地/架位号 状态 备注
1 0383340   203833405   第一样本阅览室/ [索取号:G891.9/230] 在馆    
2 0383341   203833414   第四借阅区/ [索取号:G891.9/230] 在馆    
3 0383342   203833423   第四借阅区/ [索取号:G891.9/230] 在馆    
4 0383343   203833432   第四借阅区/ [索取号:G891.9/230] 在馆    
5 0383344   203833441   第四借阅区/ [索取号:G891.9/230] 在馆    
6 0383345   203833450   第四借阅区/ [索取号:G891.9/230] 在馆    
唐山师范学院图书馆 欢迎您!
大连网信软件有限公司© 版权所有